Normal view
MARC view
- Jamsheed Sajid (00000277417)
Entry Personal Name
001 - CONTROL NUMBER
- control field: 116651
003 - CONTROL NUMBER IDENTIFIER
- control field: NUST
005 - DATE AND TIME OF LATEST TRANSACTION
- control field: 20230912170018.0
008 - FIXED-LENGTH DATA ELEMENTS
- fixed length control field: 230912|| aca||aabn | a|a d
040 ## - CATALOGING SOURCE
- Original cataloging agency: NUST
- Transcribing agency: NUST
100 ## - HEADING--PERSONAL NAME
- Personal name: Jamsheed Sajid (00000277417)
670 ## - SOURCE DATA FOUND
- Source citation: Work cat.: (NUST): Jamsheed Sajid (00000277417), Evaluation of Techno-economic and Environmentally Sustainable Renewable Energy Potential of Rice Processing Plant /, 2021
